Statistics for Most Beautiful States

Click here to take the quiz!

General Stats

  • This quiz has been taken 50 times
  • The average score is 9 of 10

Answer Stats

RankAnswer% Correct
1California
98%
4Hawaii
93%
5Alaska
91%
6Washington
91%
9Oregon
87%
3Arizona
83%
7Colorado
83%
2Utah
80%
10Maine
76%
8Montana
74%

Score Distribution

Percentile by Number Answered

Percent of People with Each Score

Your Score History

You have not taken this quiz